| 000 | 01364nmm a2200469 a 4500 | ||
|---|---|---|---|
| 003 | AR-BaBNM | ||
| 005 | 20251128210934.0 | ||
| 008 | 241120s1970 ||||||||||||||000 | spa|| | ||
| 040 | _cAR-BaBNM | ||
| 100 | 1 | _aMira López, Lola | |
| 245 | 1 | 0 | _aEducación preescolar |
| 260 |
_aBuenos Aires _bEdiciones Troquel _c1970 |
||
| 300 | 0 | _a487 p. | |
| 500 | 0 | _aContiene referencias bibliográficas y apéndices | |
| 600 | 1 | 4 |
_aEccleston, Sara _d1840-1916 |
| 610 | 2 | 4 | _aSociedad Amigos de la educación de Paraná |
| 610 | 2 | 4 | _aEscuela Argentina Modelo |
| 610 | 2 | 4 | _aInstituto Modelo Ecclestón |
| 610 | 2 | 4 | _aEscuela Normal Superior José María Torres |
| 610 | 2 | 4 | _aCasa de los Niños |
| 650 | 4 | _aEDUCACION COMPARADA | |
| 650 | 4 | _aHISTORIA DE LA EDUCACION | |
| 650 | 4 | _aMETODOS DE ENSENANZA | |
| 650 | 4 | _aORGANIZACION DE LA EDUCACION | |
| 651 | 4 | _aEuropa | |
| 651 | 4 | _aArgentina | |
| 651 | 4 | _aAmérica | |
| 651 | 4 | _aJapon | |
| 653 | 0 | _aEDUCACION INICIAL | |
| 653 | 0 | _aMETODO AGAZZI | |
| 653 | 0 | _aMETODO MONTESSORI | |
| 653 | 0 | _aMETODO DECROLY | |
| 653 | 0 | _aPEDAGOGOS | |
| 653 | 0 | _aLEGISLACION EDUCATIVA | |
| 653 | 0 | _aEXPERIENCIAS EDUCATIVAS | |
| 653 | 0 | _aJARDINES DE INFANTES | |
| 653 | 0 | _aDISCAPACIDAD VISUAL | |
| 653 | 0 | _aDISCAPACIDAD AUDITIVA | |
| 700 | 1 | _aHomar de Aller, Armida M. | |
| 942 | _cBK | ||
| 998 | _cRAQUEL | ||
| 999 |
_c17546 _d17546 |
||